000 00974nmc a2200313 a 4500
003 AR-BaBNM
005 20251128204753.0
008 150020s1989 ||||||||||||||000 | spa||
020 _a950-557-077-5
040 _cAR-BaBNM
245 1 0 _aLas economías de Argentina e Italia
_bsituación actual y perspectivas de asociación
250 _a1ª ed.
260 _aBuenos Aires
_bFondo de Cultura Económica
_bCentro de Economía Internacional
_c1989
300 _a503 p.
_btablas, gráfs.
490 0 _aSección de obras de economía
500 _aNota sobre los autores en p. 497-499
650 4 _aESTRUCTURA ECONOMICA
650 4 _aGEOGRAFIA ECONOMICA
650 4 _aPOLITICA ECONOMICA
650 4 _aCONDICIONES ECONOMICAS
650 4 _aACUERDOS ECONOMICOS
650 4 _aECONOMIA
651 4 _aItalia
651 4 _aArgentina
700 1 _aChudnovsky, Daniel
_ecompilador
700 1 _aDel Bello, Juan Carlos
_ecompilador
942 _cBK
998 _cMariana
999 _c8757
_d8757